000 00810nam a2200241Ia 4500
003 OSt
005 20220923224100.0
006 a|||||r|||| 00| 0
007 ta
008 220922b |||||||| |||| 00| 0 hin d
024 _a225,275
037 _cTextual
040 _aARTS
_cARTS
_bhin
041 _2hin
_ahin
082 _aP152:795OaY:1, 152N7
100 _aवधान, अमरसिंह; शुक्ल 'किरण', प्रमीला
_9167771
245 0 _aअनुवाद और संस्कृति
246 _aAnuvād aur sanskṛuti
260 _c1997
300 _a95पृ.
_ccm.
942 _hP152:795OaY:1, 152N7
_cTEXL
_2CC
999 _c369095
_d369095